<?xml version="1.0" encoding="UTF-8"?>
<record
    xmlns:xsi="http://www.w3.org/2001/XMLSchema-instance"
    xsi:schemaLocation="http://www.loc.gov/MARC21/slim http://www.loc.gov/standards/marcxml/schema/MARC21slim.xsd"
    xmlns="http://www.loc.gov/MARC21/slim">

  <leader>02173nam a2200229Ia 4500</leader>
  <controlfield tag="003">OSt</controlfield>
  <controlfield tag="005">20250610095728.0</controlfield>
  <controlfield tag="008">210210b1987   xxu||||| |||| 00| 0 eng d</controlfield>
  <datafield tag="040" ind1=" " ind2=" ">
    <subfield code="c">AL</subfield>
  </datafield>
  <datafield tag="041" ind1=" " ind2=" ">
    <subfield code="a">Kannada</subfield>
  </datafield>
  <datafield tag="082" ind1=" " ind2=" ">
    <subfield code="a">K894.3 BUNH</subfield>
  </datafield>
  <datafield tag="100" ind1=" " ind2=" ">
    <subfield code="a">BUNIN (Ivan)</subfield>
    <subfield code="d">&#xCAC;&#xCC1;&#xCA8;&#xCBF;&#xCA8;&#xCCD; (&#xC87;&#xCB5;&#xCBE;&#xCA8;&#xCCD;) </subfield>
    <subfield code="9">213831</subfield>
  </datafield>
  <datafield tag="245" ind1=" " ind2=" ">
    <subfield code="a">Halli</subfield>
    <subfield code="b">&#xCB9;&#xCB3;&#xCCD;&#xCB3;&#xCBF; </subfield>
  </datafield>
  <datafield tag="260" ind1=" " ind2=" ">
    <subfield code="a">Bangaluru</subfield>
    <subfield code="b">Jagat Sahitya Manjari</subfield>
    <subfield code="c">1987</subfield>
  </datafield>
  <datafield tag="300" ind1=" " ind2=" ">
    <subfield code="a">viii,206</subfield>
  </datafield>
  <datafield tag="520" ind1=" " ind2=" ">
    <subfield code="a">&#xC87;&#xCB5;&#xCBE;&#xCA8;&#xCCD; &#xC85;&#xCB2;&#xCC6;&#xC95;&#xCCD;&#xCB8;&#xCBF;&#xCAF;&#xCB5;&#xCBF;&#xC9C;&#xCCD; &#xCAC;&#xCC1;&#xCA8;&#xCBF;&#xCA8;&#xCCD; 1933&#xCB0;&#xCB2;&#xCCD;&#xCB2;&#xCBF; &#xCA8;&#xCCA;&#xCAC;&#xCC6;&#xCB2;&#xCCD; &#xCAC;&#xCB9;&#xCC1;&#xCAE;&#xCBE;&#xCA8; &#xCAA;&#xCA1;&#xCC6;&#xCA6; &#xCAE;&#xCCA;&#xC9F;&#xCCD;&#xC9F;&#xCAE;&#xCCA;&#xCA6;&#xCB2; &#xCB0;&#xCB7;&#xCCD;&#xCAF;&#xCA8;&#xCCD; &#xCB2;&#xCC7;&#xC96;&#xC95;. &#xCA7;&#xCCD;&#xCB5;&#xCA8;&#xCBF;&#xCB6;&#xC95;&#xCCD;&#xCA4;&#xCBF;&#xCAF;&#xCC1;&#xCB3;&#xCCD;&#xCB3; &#xCAD;&#xCBE;&#xCB7;&#xCC6;, &#xC95;&#xCA3;&#xCCD;&#xCA3;&#xCC1;&#xCA4;&#xCC1;&#xC82;&#xCAC;&#xCBF;&#xCAC;&#xCB0;&#xCC1;&#xCB5;&#xC82;&#xCA4;&#xCC6; &#xCB9;&#xCA4;&#xCBE;&#xCB6;&#xCC6;&#xCAF;&#xCA8;&#xCCD;&#xCA8;&#xCC1; &#xCA8;&#xCBF;&#xCB0;&#xCC2;&#xCAA;&#xCBF;&#xCB8;&#xCC1;&#xCB5; &#xCAA;&#xCCD;&#xCB0;&#xCA4;&#xCBF;&#xCAD;&#xCC6;, &#xCAC;&#xCA6;&#xCC1;&#xC95;&#xCBF;&#xCA8; &#xCAC;&#xC97;&#xCC6;&#xC97;&#xCC6; &#xC85;&#xCA4;&#xCC0;&#xCB5; &#xCAA;&#xCCD;&#xCB0;&#xCC0;&#xCA4;&#xCBF; &#xC87;&#xCB5;&#xCC6;&#xCB2;&#xCCD;&#xCB2;&#xCB5;&#xCC2; &#xC87;&#xCB5;&#xCA8; &#xC95;&#xCC3;&#xCA4;&#xCBF;&#xC97;&#xCB3;&#xCB2;&#xCCD;&#xCB2;&#xCBF; &#xC8E;&#xCA6;&#xCCD;&#xCA6;&#xCC1; &#xC95;&#xCBE;&#xCA3;&#xCC1;&#xCB5; &#xC85;&#xC82;&#xCB6;&#xC97;&#xCB3;&#xCC1;. &#xCB8;&#xC82;&#xCB5;&#xCC7;&#xCA6;&#xCA8;&#xCC6;, &#xC85;&#xC82;&#xCA4;&#xC83;&#xCB8;&#xCCD;&#xCAA;&#xCC1;&#xCB0;&#xCA3;&#xCBF;, &#xCB8;&#xC82;&#xCB8;&#xCCD;&#xC95;&#xCB0;&#xCA3;&#xCC6; &#xCAE;&#xCCA;&#xCA6;&#xCB2;&#xCBE;&#xCA6;&#xCB5;&#xCC1;&#xC97;&#xCB3;&#xCBF;&#xC82;&#xCA6; &#xC9A;&#xCBE;&#xCB2;&#xCA8;&#xCC6; &#xCAA;&#xCA1;&#xCC6;&#xCA6; &#xCAC;&#xCC1;&#xCA8;&#xCBF;&#xCA8;&#xCCD; &#xC92;&#xC82;&#xCA6;&#xCC1; &#xC85;&#xCB0;&#xCCD;&#xCA5;&#xCA6;&#xCB2;&#xCCD;&#xCB2;&#xCBF; &#xC95;&#xCAA;&#xC9F;&#xCA4;&#xCA8;&#xCB5;&#xCBF;&#xCB2;&#xCCD;&#xCB2;&#xCA6; &#xCB6;&#xCC1;&#xCA6;&#xCCD;&#xCA7; &#xCB2;&#xCC7;&#xC96;&#xC95;. &#xC88; &#xC95;&#xCBE;&#xCA6;&#xC82;&#xCAC;&#xCB0;&#xCBF;&#xCAF;&#xCB2;&#xCCD;&#xCB2;&#xCBF;&#xCB0;&#xCC1;&#xCB5;&#xCC1;&#xCA6;&#xCC1; &#xC9C;&#xCC0;&#xCB5;&#xCA8;&#xCA6;&#xCB2;&#xCCD;&#xCB2;&#xCBF; &#xCAC;&#xCC7;&#xCB0;&#xCC6; &#xCAC;&#xCC7;&#xCB0;&#xCC6; &#xCA6;&#xCBE;&#xCB0;&#xCBF;&#xC97;&#xCB3;&#xCA8;&#xCCD;&#xCA8;&#xCC1; &#xCB9;&#xCBF;&#xCA1;&#xCBF;&#xCA6; &#xC85;&#xCA3;&#xCCD;&#xCA3;&#xCA4;&#xCAE;&#xCCD;&#xCAE;&#xC82;&#xCA6;&#xCBF;&#xCB0;&#xCBF;&#xCAC;&#xCCD;&#xCAC;&#xCB0;&#xCC1; &#xC95;&#xCCA;&#xCA8;&#xCC6;&#xC97;&#xCC2; &#xCAE;&#xCBE;&#xCA8;&#xCB8;&#xCBF;&#xC95;&#xCB5;&#xCBE;&#xC97;&#xCBF;, &#xC85;&#xCB7;&#xCCD;&#xC9F;&#xCC7;&#xC95;&#xCC6; &#xCAC;&#xCCC;&#xCA6;&#xCCD;&#xCA7;&#xCBF;&#xC95;&#xCB5;&#xCBE;&#xC97;&#xCBF; &#xC95;&#xCC2;&#xCA1;, &#xC95;&#xCCD;&#xCB7;&#xCC1;&#xCA6;&#xCCD;&#xCB0;&#xCB0;&#xCBE;&#xC97;&#xCBF;&#xCAF;&#xCC7; &#xC89;&#xCB3;&#xCBF;&#xCA6;&#xCC1;&#xCAC;&#xCBF;&#xCA1;&#xCC1;&#xCB5; &#xC98;&#xCCB;&#xCB0; &#xC9A;&#xCBF;&#xCA4;&#xCCD;&#xCB0; &#xC95;&#xCBE;&#xCA6;&#xC82;&#xCAC;- &#xCB0;&#xCBF;&#xCAF; &#xCB6;&#xCC0;&#xCB0;&#xCCD;&#xCB7;&#xCBF;&#xC95;&#xCC6; &#xCAE;&#xCA4;&#xCCD;&#xCA4;&#xCC1; &#xCAC;&#xCB2;&#xCBE;&#xCB7;&#xCBF;&#xCA8;&#xCCD; &#xC8E;&#xC82;&#xCAC; &#xCAA;&#xCBE;&#xCA4;&#xCCD;&#xCB0; &#xC87;&#xCA1;&#xCC0; &#xCB0;&#xCB7;&#xCCD;&#xCAF;&#xCB5;&#xCC7; &#xC92;&#xC82;&#xCA6;&#xCC1; '&#xCB9;&#xCB3;&#xCCD;&#xCB3;&#xCBF;' &#xC8E;&#xCA8;&#xCCD;&#xCA8;&#xCC1;&#xCB5;&#xCC1;&#xCA6;&#xCA8;&#xCCD;&#xCA8;&#xCC1; &#xCB8;&#xCAE;&#xCB0;&#xCCD;&#xCA5;&#xCBF;&#xCB8;&#xCC1;&#xCB5;&#xC82;&#xCA4;&#xCBF;&#xCB5;&#xCC6;.</subfield>
  </datafield>
  <datafield tag="650" ind1=" " ind2=" ">
    <subfield code="a">Divakar Es</subfield>
    <subfield code="9">213832</subfield>
  </datafield>
  <datafield tag="690" ind1=" " ind2=" ">
    <subfield code="a">Kannada Fiction</subfield>
    <subfield code="9">213833</subfield>
  </datafield>
  <datafield tag="700" ind1=" " ind2=" ">
    <subfield code="a">Diwakar S</subfield>
    <subfield code="d">&#xCA6;&#xCBF;&#xCB5;&#xCBE;&#xC95;&#xCB0;&#xCCD; &#xC8E;&#xCB8;&#xCCD; tr</subfield>
    <subfield code="9">213834</subfield>
  </datafield>
  <datafield tag="906" ind1=" " ind2=" ">
    <subfield code="a">040010</subfield>
  </datafield>
  <datafield tag="942" ind1=" " ind2=" ">
    <subfield code="2">ddc</subfield>
    <subfield code="c">BK</subfield>
  </datafield>
  <datafield tag="999" ind1=" " ind2=" ">
    <subfield code="c">89895</subfield>
    <subfield code="d">89895</subfield>
  </datafield>
  <datafield tag="952" ind1=" " ind2=" ">
    <subfield code="0">0</subfield>
    <subfield code="1">0</subfield>
    <subfield code="2">ddc</subfield>
    <subfield code="4">0</subfield>
    <subfield code="7">0</subfield>
    <subfield code="8">KAN</subfield>
    <subfield code="a">AL</subfield>
    <subfield code="b">AL</subfield>
    <subfield code="c">Kannada Literature</subfield>
    <subfield code="d">2021-02-17</subfield>
    <subfield code="g">15.00</subfield>
    <subfield code="l">0</subfield>
    <subfield code="o">K894.3 BUNH</subfield>
    <subfield code="p">040010</subfield>
    <subfield code="r">2021-02-17 00:00:00</subfield>
    <subfield code="w">2021-02-17</subfield>
    <subfield code="y">BK</subfield>
  </datafield>
</record>
